Michigan today; (Record no. 21577)

MARC details
000 -LEADER
fixed length control field 01281cam a22003371 4500
001 - CONTROL NUMBER
control field e 38000084
003 - CONTROL NUMBER IDENTIFIER
control field DLC
005 - DATE AND TIME OF LATEST TRANSACTION
control field 20260227111227.0
008 - FIXED-LENGTH DATA ELEMENTS--GENERAL INFORMATION
fixed length control field 780724s1937 miua b 001 0 eng
010 ## - LIBRARY OF CONGRESS CONTROL NUMBER
LC control number e 38000084
035 ## - SYSTEM CONTROL NUMBER
System control number (OCoLC)4078669
040 ## - CATALOGING SOURCE
Original cataloging agency DLC
Transcribing agency InMuB
Modifying agency OCoLC
-- DLC
042 ## - AUTHENTICATION CODE
Authentication code premarc
043 ## - GEOGRAPHIC AREA CODE
Geographic area code n-us-mi
050 00 - LIBRARY OF CONGRESS CALL NUMBER
Classification number QL162
Item number .B3 no. 307
051 ## - LIBRARY OF CONGRESS COPY, ISSUE, OFFPRINT STATEMENT
Classification number F566
Item number .M6585
110 1# - MAIN ENTRY--CORPORATE NAME
Corporate name or jurisdiction name as entry element Michigan.
Subordinate unit Department of Public Instruction.
245 10 - TITLE STATEMENT
Title Michigan today;
Remainder of title its human and physical resources as they affect education.
Statement of responsibility, etc. Published by Eugene B. Elliott, superintendent of public instruction.
260 ## - PUBLICATION, DISTRIBUTION, ETC.
Place of publication, distribution, etc. Lansing, Mich.,
Date of publication, distribution, etc. 1937.
300 ## - PHYSICAL DESCRIPTION
Extent 301 p.
Other physical details illus.
Dimensions 24 cm.
490 0# - SERIES STATEMENT
Series statement Bulletin
Volume/sequential designation no. 307
500 ## - GENERAL NOTE
General note At head of title: State of Michigan. Department of Public Instruction.
500 ## - GENERAL NOTE
General note "Third publication of major scope ... in the Michigan program of curriculum revision."--Foreword.
500 ## - GENERAL NOTE
General note Prepared by a committee, George H. Fern, chairman. cf. [p. 4]
500 ## - GENERAL NOTE
General note "Helpful reading" at the end of each chapter except chapter 11.
504 ## - BIBLIOGRAPHY, ETC. NOTE
Bibliography, etc. note "General bibliography": p. [277]-284.
651 #0 - SUBJECT ADDED ENTRY--GEOGRAPHIC NAME
Geographic name Michigan.
650 #0 - SUBJECT ADDED ENTRY--TOPICAL TERM
Topical term or geographic name entry element Education
Geographic subdivision Michigan.
650 #0 - SUBJECT ADDED ENTRY--TOPICAL TERM
Topical term or geographic name entry element Education
Geographic subdivision Michigan
General subdivision Curricula.
700 1# - ADDED ENTRY--PERSONAL NAME
Personal name Fern, George F.

No items available.

Powered by Koha